Statistics for A Song of Ice and Fire - A Game of Parents

Click here to take the quiz!

General Stats

  • This quiz has been taken 956 times
  • The average score is 14 of 20

Answer Stats

HintAnswer% Correct
Arya StarkEddard Stark
100%
Arya StarkCatelyn Tully
98%
Jaime LannisterTywin Lannister
98%
Shireen BaratheonStannis Baratheon
96%
Daenerys TargaryenAerys Targaryen
94%
Robert ArrynJon Arryn
92%
Theon GreyjoyBalon Greyjoy
91%
Robert ArrynLysa Tully
89%
Edmure TullyHoster Tully
86%
Jaime LannisterJoanna Lannister
78%
Quentyn MartellDoran Martell
77%
Mace TyrellOlenna Redwyne
76%
Maegor I TargaryenAegon I Targaryen
70%
Shireen BaratheonSelyse Florent
61%
Daenerys TargaryenRhaella Targaryen
53%
Maegor I TargaryenVisenya Targaryen
47%
Mace TyrellLuthor Tyrell
24%
Edmure TullyMinisa Whent
21%
Theon GreyjoyAlannys Harlaw
17%
Quentyn MartellMellario of Norvos
17%

Score Distribution

Percentile by Number Answered

Percent of People with Each Score

Your Score History

You have not taken this quiz